Lectures on the epistle of Paul, the apostle, to the Ephesians, with a new translation. (Record no. 5829)

000 -LEADER
fixed length control field 00639nam a2200181 a 4500
001 - CONTROL NUMBER
control field :::00003571$&:&@@
003 - CONTROL NUMBER IDENTIFIER
control field OkBaRHE
005 - DATE AND TIME OF LATEST TRANSACTION
control field 20000607103307.0
008 - FIXED-LENGTH DATA ELEMENTS--GENERAL INFORMATION
fixed length control field s1972 j 000 0 eng u
040 ## - CATALOGING SOURCE
Transcribing agency
100 1# - MAIN ENTRY--PERSONAL NAME
Personal name Kelly, William.
245 10 - TITLE STATEMENT
Title Lectures on the epistle of Paul, the apostle, to the Ephesians, with a new translation.
260 ## - PUBLICATION, DISTRIBUTION, ETC. (IMPRINT)
Place of publication, distribution, etc Oak Park, IL., :
Name of publisher, distributor, etc Bible Truth Publishers
Date of publication, distribution, etc 1972
300 ## - PHYSICAL DESCRIPTION
Extent 283 p. ;
Dimensions 19 cm.
650 ## - SUBJECT ADDED ENTRY--TOPICAL TERM
Topical term or geographic name as entry element Bible New Testament Ephesians
General subdivision Addresses, Essays, Lectures
942 ## - ADDED ENTRY ELEMENTS (KOHA)
Source of classification or shelving scheme
Koha item type Books
Copies
Not for loan Source of classification or shelving scheme Price effective from Date last seen Koha item type Lost status Shelving location Date acquired Withdrawn status Damaged status Full call number Permanent Location Copy number Barcode
  2010-04-142018-04-03Books General Stacks2010-04-14  BS 2695 .K379RHEMA Bible Training College13571